Normal view
MARC view
- CIA Global Agenda 2015
Entry Topical Term
001 - CONTROL NUMBER
- control field: 114285
003 - CONTROL NUMBER IDENTIFIER
- control field: NUST
005 - DATE AND TIME OF LATEST TRANSACTION
- control field: 20230828162912.0
008 - FIXED-LENGTH DATA ELEMENTS
- fixed length control field: 230828|| aca||aabn | a|a d
040 ## - CATALOGING SOURCE
- Original cataloging agency: NUST
- Transcribing agency: NUST
150 ## - HEADING--TOPICAL TERM
- Topical term or geographic name entry element: CIA Global Agenda 2015
670 ## - SOURCE DATA FOUND
- Source citation: Work cat.: (NUST): Sheikh, Waseem 114284, CIA Global Agenda 2015, 2004.
